000 01218pab a2200181 454500
008 180718b2000 xxu||||| |||| 00| 0 eng d
100 _aBasu, Kaushik
245 _aIsolated and proximate illiteracy: and why these concepts matter in measuring literacy and designing education programmes
260 _c2000
300 _ap.35-39
362 _a8 Jan
520 _aTraditionally, a society's literacy has been measured by the `literacy rate' or the per cent of the adult population that is literate. The present paper maintains that the distribution of literates across households also matters, due to the external effects of literacy - the benefits that illiterate members of a household derive from having a literate person in the family. The authors review this argument, draw out its policy implications, and present some suggestive data from Bangladesh to lend substance to the hypothesis that an illiterate belonging to a household with no literates is more deprived than an illiterate belonging to a household with at least one literate member. - Reproduced
650 _aIlliteracy
700 _aSubramanian, S.
700 _aFoster, James E.
773 _aEconomic and Political Weekly
909 _a43644
999 _c43644
_d43644